MCQ'S IN PHARMACEUTICAL SCIENCE & TECHNOLOGY (Record no. 8148)

MARC details
000 -LEADER
fixed length control field 00368nam a22001577a 4500
003 - CONTROL NUMBER IDENTIFIER
control field SGT
020 ## - INTERNATIONAL STANDARD BOOK NUMBER
International Standard Book Number 978-0-85369-913-2
082 ## - DEWEY DECIMAL CLASSIFICATION NUMBER
Classification number 615.19, M11G
100 ## - MAIN ENTRY--PERSONAL NAME
Personal name GARG, SANJAY
245 ## - TITLE STATEMENT
Title MCQ'S IN PHARMACEUTICAL SCIENCE & TECHNOLOGY
250 ## - EDITION STATEMENT
Edition statement 1ST
260 ## - PUBLICATION, DISTRIBUTION, ETC. (IMPRINT)
Place of publication, distribution, etc LONDON
Name of publisher, distributor, etc PHARMACEUTICAL PRESS
Year of Publication 2011
300 ## - PAGE DESCRIPTION
No. of Pages 272
650 ## - SUBJECT ADDED ENTRY--TOPICAL TERM
Topical term or geographic name as entry element PHARMACEUTICAL
942 ## - ADDED ENTRY ELEMENTS (KOHA)
Source of classification or shelving scheme Dewey Decimal Classification
Koha item type Books
Holdings
Withdrawn status Lost status Source of classification or shelving scheme Damaged status Not for loan Collection code Home library Current library Shelving location Date acquired Vendor Name Cost, normal purchase price SGTU Bill Number Full call number Accession No. (Barcode) Date last seen Bill Date Koha item type
    Dewey Decimal Classification     PHARMACY SGT FA-FP Library SGT FA-FP Library Reference Book 10/12/2015 AHUJA BOOK COMPNY 595.00 SGTU 6162 615.19, M11G FP1549 10/12/2015 06/10/2015 Books